Komparácia základných prístupov znalectva a valuácie
Definície súdneho inžinierstva a súdneho znalectva. Štyri súčasti znalectva. Ohodnocovanie. Expertízna činnosť. Medzinárodné ohodnocovacie štandardy. Súčasná štruktúra a obsah medzinárodných ohodnocovacích štandardov. Európske ohodnocovacie štandardy. Súčasná štruktúra a obsah európskych ohodnocovac...
Salvato in:
| Autore principale: | |
|---|---|
| Altri autori: | |
| Natura: | Capitolo di libro |
| Lingua: | slovacco |
| Soggetti: | |
| Tags: |
Nessun Tag, puoi essere il primo ad aggiungerne!!
|
MARC
| LEADER | 00000nla a2200000 4500 | ||
|---|---|---|---|
| 001 | 0246510 | ||
| 005 | 20240502073945.8 | ||
| 041 | 0 | |a slo | |
| 044 | |a SK | ||
| 245 | 1 | 0 | |a Komparácia základných prístupov znalectva a valuácie |c Milan Kubica, Nikola Švejdová |
| 520 | |a Definície súdneho inžinierstva a súdneho znalectva. Štyri súčasti znalectva. Ohodnocovanie. Expertízna činnosť. Medzinárodné ohodnocovacie štandardy. Súčasná štruktúra a obsah medzinárodných ohodnocovacích štandardov. Európske ohodnocovacie štandardy. Súčasná štruktúra a obsah európskych ohodnocovacích štandardov. Vzťah predpisov pre ohodnocovanie nehnuteľností v SR a medzinárodných oceňovacích štandardov. | ||
| 610 | 2 | 0 | |a znalectvo |
| 610 | 2 | 0 | |a znalci |
| 610 | 2 | 0 | |a ohodnocovanie |
| 610 | 2 | 0 | |a štandardy ohodnocovacie európske |
| 610 | 2 | 0 | |a štandardy ohodnocovacie medzinárodné |
| 100 | 1 | |a Kubica, Milan, 1958- | |
| 700 | 1 | |a Švejdová, Nikola | |